AS Roma Squad 2016-2017 - Statistics

General Stats
  • This quiz has been taken 44 times
  • The average score is 19 of 27
Answer Stats
# Position Nation Player % Correct
11 FW Egypt Mohamed Salah
94%
2 DF Germany Antonio Rüdiger
90%
9 FW Bosnia and Herzegovina Edin Džeko
90%
44 DF Greece Kōnstantinos Manōlas
90%
10 FW Italy Francesco Totti
87%
6 MF Netherlands Kevin Strootman
87%
1 GK Poland Wojciech Szczęsny
87%
8 FW Argentina Diego Perotti
84%
19 GK Brazil Alisson
81%
16 MF Italy Daniele De Rossi
77%
4 MF Belgium Radja Nainggolan
77%
92 FW Italy Stephan El Shaarawy
77%
24 MF Italy Alessandro Florenzi
74%
18 GK Romania Bogdan Lobonț
71%
20 DF Argentina Federico Fazio
71%
3 DF Brazil Juan Jesus
71%
15 DF Belgium Thomas Vermaelen
71%
7 FW Paraguay Juan Iturbe
68%
21 DF Portugal Mário Rui
68%
- Coach Italy Luciano Spalletti
65%
30 MF Brazil Gerson
61%
5 MF Argentina Leandro Paredes
61%
33 DF Italy Emerson
58%
13 DF Brazil Bruno Peres
55%
7 MF France Clément Grenier
35%
99 DF Nigeria Abdullahi Nura
19%
17 DF Spain Moustapha Seck
10%
No matching quizzes found
Score Distribution
Percent of People with Each Score
Percentile by Number Answered
Your Score History
You have not taken this quiz